Vainqueurs coupe du monde de football - Statistiques

Statistiques générales
  • Ce quiz a été pris 261 fois
  • Le résultat moyen est 21 sur 22
Statistiques - réponses
Hint Réponse % Correct
1958 Bresil
100%
1962 Bresil
100%
1970 Bresil
100%
1994 Bresil
100%
2002 Bresil
100%
1954 Allemagne
99%
1974 Allemagne
99%
1990 Allemagne
99%
2014 Allemagne
99%
1998 France
99%
2018 France
99%
1978 Argentine
98%
1986 Argentine
98%
2022 Argentine
98%
2010 Espagne
97%
1934 Italie
97%
1938 Italie
97%
1982 Italie
97%
2006 Italie
97%
1966 Angleterre
91%
1930 Uruguay
89%
1950 Uruguay
89%
Aucun quiz correspondant
Distribution des résultats
% des personnes avec chaque résultat
Percentile par nombre de réponses
Votre historique - résultats
Vous n’avez pas pris ce quiz